| 000 | 00784cam a2200253 a 4500 | ||
|---|---|---|---|
| 001 | 13273745 | ||
| 005 | 20180201084308.0 | ||
| 008 | 030714s2004 nyub b 001 0 eng | ||
| 010 | _a 2003058108 | ||
| 020 | _a0321116232 (v. 1) | ||
| 020 | _a0321116240 (v. 2) | ||
| 040 |
_aDLC _cDLC _dDLC |
||
| 041 | _aeng | ||
| 043 | _an-us--- | ||
| 080 | _a810.8 CAI | ||
| 082 | 0 | 0 |
_a810.8 CAI _222 |
| 100 | _a21 | ||
| 101 | _aGJL | ||
| 245 | 0 | 0 |
_aAmerican literature / _cedited by William E. Cain. |
| 504 | _aIncludes bibliographical references and index. | ||
| 906 |
_a7 _bcbc _corignew _d1 _eocip _f20 _gy-gencatlg |
||
| 942 |
_2ddc _cBK |
||
| 999 |
_c41547 _d41547 |
||